Ciò l'A.I.D.S. /

Guardat en:
Dades bibliogràfiques
Autor principal: Pasculli, Giuseppe (Autor)
Format: Llibre
Idioma:italià
Publicat: [S.l. : s.n., 19..?]
Etiquetes: Afegir etiqueta
Sense etiquetes, Sigues el primer a etiquetar aquest registre!

MARC

LEADER 00000nam a22000007i 4500
001 IT\ICCU\UBO\3659487
003 ItRI
005 20260115232304.0
008 090701q19001999it |||||| ||||| |||||c
040 |b ita  |c importazione bologna sebina 
041 7 |a ita  |2 ISO-639-2 
100 1 |a Pasculli, Giuseppe  |0 IT\ICCU\SBLV\027377  |4 aut 
245 1 0 |a Ciò l'A.I.D.S. /  |c di Giuseppe Pasculli. 
260 |a [S.l. :  |b s.n.,  |c 19..?] 
300 |a 85 p. ;  |c 21 cm. 
942 |2 ddc  |c BK  |n 0 
952 |0 0  |1 0  |4 0  |6 A_852_914000000000000_PAS  |7 0  |9 23629  |a BO  |b BO  |d 2026-01-15  |i 3068  |l 0  |o A 852.914 PAS  |p BO3068  |r 2026-01-15 23:23:04  |w 2026-01-15  |x [Sebina 7] [1 v.]  |y BK  |z 1 v. 
999 |c 20123  |d 20123